Brownfield land pack launched (Record no. 65501)

MARC details
000 -LEADER
fixed length control field 01067cam a2200229 4500
001 - CONTROL NUMBER
control field WB3648-12
008 - FIXED-LENGTH DATA ELEMENTS--GENERAL INFORMATION
fixed length control field 000000n2000 000 0 eng u
035 ## - SYSTEM CONTROL NUMBER
System control number (Sirsi) u109747
245 ## - TITLE STATEMENT
Title Brownfield land pack launched
260 ## - PUBLICATION, DISTRIBUTION, ETC.
Date of publication, distribution, etc. 2000
490 ## - SERIES STATEMENT
Series statement Estates Gazette
Volume/sequential designation (0048) 2 December 2000, 28
490 ## - SERIES STATEMENT
Series statement New Civil Engineer
Volume/sequential designation 30 November 2000, 5(2)
520 ## - SUMMARY, ETC.
Summary, etc. Discusses the features, and implications, of a recently launched voluntary scheme that encourages landowners to compile seller's packs of information for brownfield or contaminated sites. The aim of these log books is to speed up land transactions, and improve the time and cost predictability in clean up. Copies of the Standard Land Condition Record can be obtained from the Institute of Environmental Management Assessment. Tel: (01522) 540069.
590 ## - LOCAL NOTE (RLIN)
Local note WB
650 ## - SUBJECT ADDED ENTRY--TOPICAL TERM
Topical term or geographic name entry element LAND CONDITION RECORDS
650 ## - SUBJECT ADDED ENTRY--TOPICAL TERM
Topical term or geographic name entry element LANDOWNERS
650 ## - SUBJECT ADDED ENTRY--TOPICAL TERM
Topical term or geographic name entry element BROWNFIELD LAND
650 ## - SUBJECT ADDED ENTRY--TOPICAL TERM
Topical term or geographic name entry element CONTAMINATED LAND
650 ## - SUBJECT ADDED ENTRY--TOPICAL TERM
Topical term or geographic name entry element LAND CONDITION REGISTER
690 ## - LOCAL SUBJECT ADDED ENTRY--TOPICAL TERM (OCLC, RLIN)
Topical term or geographic name as entry element ENVIRONMENT-CONTAMINATION
942 ## - ADDED ENTRY ELEMENTS (KOHA)
Suppress in OPAC 0
Holdings
Withdrawn status Lost status Source of classification or shelving scheme Damaged status Not for loan Home library Current library Shelving location Date acquired Total Checkouts Full call number Barcode Date last seen Copy number Price effective from Koha item type
    Dewey Decimal Classification     London London News article 05/12/2000   WB3648-12 109747-1001 06/08/2019 1 06/08/2019 News article